Cómo convertirse en un hábil investigador

Esta práctica y concisa guía para convertirse en un hábil investigador le ayudará a planificar, realizar y comunicar investigaciones en cualquier disciplina y nivel, ya sea una tesis, una disertación, un artículo o un libro.\Wayne Booth, Gregory Colomb y Joseph Williams trazan un mapa de cada etapa...

Full description

Bibliographic Details
Main Author: Booth, Wayne C.
Other Authors: Williams, Joseph M., Colomb, Gregory G.
Format: Libro
Language:Spanish
Published: Barcelona: Gedisa, 2004
Edition:1a. ed. 1a. reimp.
Series:Biblioteca de educación Herramientas univesitarias 6
Subjects:
Online Access:

MARC

LEADER 00000cam a2200000 a 4500
001 000301
003 UAHC_CL
005 20190403123147.0
008 090327s2004 sp 000 spa
952 |0 0  |1 0  |4 0  |6 001_400000000000000_BOO  |7 0  |8 General  |9 491  |a BR  |b BR  |c General  |d 2017-08-03  |l 11  |m 11  |o 001.4 BOO  |p 1370025  |r 2026-01-14 00:00:00  |s 2023-09-01  |t 1  |w 2017-08-03  |y BK  |z También lo encuentras en bibliografías.academia.cl 
952 |0 0  |1 0  |4 0  |6 001_400000000000000_BOO  |7 0  |8 General  |9 492  |a BC  |b BC  |c General  |d 2017-08-03  |l 9  |m 5  |o 001.4 BOO  |p 1370026  |r 2026-01-13 00:00:00  |s 2019-08-30  |t 2  |w 2017-08-03  |y BK  |z También lo encuentras en bibliografías.academia.cl 
952 |0 0  |1 0  |4 0  |6 001_400000000000000_BOO  |7 0  |8 General  |9 493  |a BC  |b BC  |c General  |d 2017-08-03  |l 2  |m 1  |o 001.4 BOO  |p 1370027  |r 2026-04-01 17:48:09  |s 2026-03-16  |t 1  |w 2017-08-03  |y BK  |z También lo encuentras en bibliografías.academia.cl 
999 |c 301  |d 301 
020 |a 8474328179 
040 |a UAHC_CL  |c UAHC_CL  |d UAHC_CL 
082 0 4 |a 001.4  |b B725  |2 21 
100 1 |a Booth, Wayne C. 
245 1 0 |a Cómo convertirse en un hábil investigador   |c Wayne C. Booth, Gregory G. Colomb, Joseph M. Williams ; [traducción José A. Álvarez]. 
250 |a 1a. ed. 1a. reimp. 
260 |a Barcelona:  |b Gedisa,  |c 2004 
300 |a 318 p. 
490 0 |a Biblioteca de educación Herramientas univesitarias  |v 6 
520 |a Esta práctica y concisa guía para convertirse en un hábil investigador le ayudará a planificar, realizar y comunicar investigaciones en cualquier disciplina y nivel, ya sea una tesis, una disertación, un artículo o un libro.\Wayne Booth, Gregory Colomb y Joseph Williams trazan un mapa de cada etapa del proceso de investigación, desde la búsqueda de un tema y la generación de preguntas de investigación, la obtención de evidencias, la construcción de argumentaciones, la creación de un primer borrador y su revisión, hasta la producción de un informe final que satisfaga las necesidades de una comunidad de lectores.\En todo momento, el libro refleja la manera en que los investigadores trabajan concretamente en un ciclo complejo de pensar, escribir, revisar, refinar y repensar. También saben que un informe de investigación satisfactorio es siempre una conversación cuidadosamente orquestada entre el investigador y el lector. Antes de dirijirse a la biblioteca o comenzar a esbozar un esquema, lea primero este libro y aproveche sus consejos y conocimientos. 
521 |a Metodo cuantitativo I 
650 4 |a Investigación  |x Metodología 
653 |a OB. SOCIOLOGIA 
658 |a Zarzuri, Raúl 
700 1 |a Williams, Joseph M. 
700 1 |a Colomb, Gregory G. 
900 |a 001.4 BOO 
942 |c BK